01211nam a2200265 a 450000100100000000500170001000800410002704000250006808200180009310000310011124500780014225400600022026000460028030000210032659000260034765000300037365000340040365000450043765100420048291000370052495201300056195201160069195201210080799900170092800002530520250606121936.0110214s1979 dr 000 0 spa d aDO-SdBNPbspacBNPHU a972.93bF825s1 aFranco, Franklin J.91901410aSanto Domingo :bcultura, política e ideología /cFranklin J. Franco. aIncluye bibliografía y notas al final de capítulos. aSanto Domingo :bNacional,c1979.fPerfil a192 p. ;c21 cm. aInventariado, 2020/BT 0aIdentidad nacional 92163 4aNacionalismo y cultura922911 4aIntelectualesxActividad politica934415 4aRepública DominicanaxHistoria9170 aValidado. Control de calidad EMS 001054708DSaGRbGRcHDd2020-01-20iLF1l0o972.93 F825sp25305-50r2020-06-25te.3w2020-06-25yLFDSZPréstamo en sala 0010718PDaPDbPDcHDd2011-02-14iLF1l0o972.93 F825sp25305-10r2020-06-25w2020-06-25yLFPDZNo se presta 0010718PDaPDbPDcHDd2020-01-20iLF1l0o972.93 F825sp25305-40r2020-06-25te.2w2020-06-25yLFPDZNo se presta c24798d24798